Mysticism : (Record no. 4354)
[ view plain ]
| 000 -LEADER | |
|---|---|
| fixed length control field | 00766cam a2200253Ia 4500 |
| 001 - CONTROL NUMBER | |
| control field | 13172 |
| 003 - CONTROL NUMBER IDENTIFIER | |
| control field | GBCCL |
| 005 - DATE AND TIME OF LATEST TRANSACTION | |
| control field | 20241126110516.0 |
| 008 - FIXED-LENGTH DATA ELEMENTS--GENERAL INFORMATION | |
| fixed length control field | 780130s1961 nyu b 00110 eng d |
| 035 ## - SYSTEM CONTROL NUMBER | |
| System control number | OCM03588774 |
| 040 ## - CATALOGING SOURCE | |
| Original cataloging agency | MNM |
| Transcribing agency | MNM |
| Modifying agency | OCL |
| -- | LBB |
| 049 ## - | |
| -- | LBBK |
| 082 ## - DEWEY DECIMAL CLASSIFICATION NUMBER | |
| Classification number | 149.3 |
| Item number | UND |
| 090 ## - LOCALLY ASSIGNED LC-TYPE CALL NUMBER (OCLC); LOCAL CALL NUMBER (RLIN) | |
| Classification number (OCLC) (R) ; Classification number, CALL (RLIN) (NR) | BV5081 |
| Local cutter number (OCLC) ; Book number/undivided call number, CALL (RLIN) | .U55 1961x |
| 092 ## - LOCALLY ASSIGNED DEWEY CALL NUMBER (OCLC) | |
| Item number | U55, 1961 |
| 100 10 - MAIN ENTRY--PERSONAL NAME | |
| Personal name | Underhill, Evelyn, |
| Dates associated with a name | 1875-1941. |
| 9 (RLIN) | 8935 |
| 245 10 - TITLE STATEMENT | |
| Title | Mysticism : |
| Remainder of title | a study in the nature and development of man's spiritual consciousness / |
| Statement of responsibility, etc. | by Evelyn Underhill. |
| 260 0# - PUBLICATION, DISTRIBUTION, ETC. | |
| Place of publication, distribution, etc. | New York : |
| Name of publisher, distributor, etc. | Meridian books., |
| Date of publication, distribution, etc. | 1955. |
| 300 ## - PHYSICAL DESCRIPTION | |
| Extent | xviii, 519 p. ; |
| Dimensions | 18 cm. |
| 503 ## - BIBLIOGRAPHIC HISTORY NOTE (BK CF MU) [OBSOLETE] | |
| Bibliographic history note | First published in 1911. |
| 504 ## - BIBLIOGRAPHY, ETC. NOTE | |
| Bibliography, etc. note | Includes bibliographical references. |
| 650 #0 - SUBJECT ADDED ENTRY--TOPICAL TERM | |
| Topical term or geographic name entry element | Mysticism. |
| 9 (RLIN) | 1677 |
| 942 ## - ADDED ENTRY ELEMENTS (KOHA) | |
| Source of classification or shelving scheme | Dewey Decimal Classification |
| Koha item type | Books |
| Koha issues (borrowed), all copies | 4 |
| Withdrawn status | Lost status | Source of classification or shelving scheme | Damaged status | Not for loan | Home library | Current Library | Shelving location | Date acquired | Total checkouts | Full call number | Barcode | Date last seen | Date last checked out | Copy number | Price effective from | Koha item type |
|---|---|---|---|---|---|---|---|---|---|---|---|---|---|---|---|---|
| Dewey Decimal Classification | GRACE BIBLE COLLEGE | GRACE BIBLE COLLEGE | Philosophy and Religion | 2018-01-19 | 4 | 149.3 UND | 009639 | 2025-05-01 | 2023-10-16 | c.1 | 2018-01-19 | Books |